000 00574nam a2200217Ia 4500
005 20241129104242.0
008 241129s9999||||xx |||||||||||||| ||und||
020 _a9781682851845
037 _aTextual
040 _aRTL
_beng
_cRTL
041 _aeng
_2eng
084 _aX:57 Q6
_qRTL
100 _aFry Rupert
245 0 _aInternational finance
_cFry Rupert
260 _aNew York
_bWillford Press
_c2016
300 _avi,242p.
365 _aINR
_bRs.13004.50
650 _aInternational Finance
942 _cTB
_hX:57 Q6
999 _c1225079
_d1225079